| 000 | 01212nam a2200277Ia 4500 | ||
|---|---|---|---|
| 001 | 16366 | ||
| 003 | GE_BSU | ||
| 008 | 181216s||||||||xx |||||||||||||| ||und|| | ||
| 020 | _aISBN: 978-9941-23-109-4 | ||
| 040 | _cGE_BSU | ||
| 080 | _a94(37)+929(37) | ||
| 100 | _aტრანკვილუსი,გაიუს სვეტონიუს | ||
| 245 | _aკეისართა ცხოვრება | ||
| 245 | _bწიგნი II | ||
| 245 | _cმთარგმნ.: ვიქტორია ჯუღელი,მაიადანელია;რედ.:ვიქტორია ჯუღელი;დიზაინერი:ია მახათაძე. | ||
| 260 | _aთბილისი | ||
| 260 | _bბაკურ სულაკაურის გამ-ბა | ||
| 260 | _c2014 | ||
| 300 | _a238გვ.;22სმ. | ||
| 300 | _eყდაზე:"კეისრის ტრიუმფი",1488,ანდრეა მანტენი.-შენიშვნები:გვ.109-235. | ||
| 541 | _h12ლ. | ||
| 653 | _aბიოგრაფიები | ||
| 653 | _aისტორია | ||
| 653 | _aკეისართა ცხოვრება | ||
| 942 | _cBK | ||
| 999 |
_c49443 _d49443 |
||